effect of inorganic fertilizer application on gelatinization temperature and grain elongation of rice at galsshouse ( ឥទ្ធិពលនៃការប្រើជីអសរីរាង្គទៅលើសីតុណ្ហភាពអន្ធិលកម្ម និងភាពរីកនៃសាច់គ្រាប់អង្ករនៅក្នងល័ក្ខខ័ណ្ឌផ្ទះកញ្ចក់) (Record no. 482)
[ view plain ]
| 000 -LEADER | |
|---|---|
| fixed length control field | 00791nam a22001577a 4500 |
| 003 - CONTROL NUMBER IDENTIFIER | |
| control field | OSt |
| 005 - DATE AND TIME OF LATEST TRANSACTION | |
| control field | 20150915105833.0 |
| 008 - FIXED-LENGTH DATA ELEMENTS--GENERAL INFORMATION | |
| fixed length control field | 150915b xxu||||| |||| 00| 0 eng d |
| 040 ## - CATALOGING SOURCE | |
| Transcribing agency | RUA |
| 082 ## - DEWEY DECIMAL CLASSIFICATION NUMBER | |
| Classification number | AGR CHE 2001 B027 Or.1 |
| 100 ## - MAIN ENTRY--PERSONAL NAME | |
| 9 (RLIN) | 502 |
| Personal name | CHEA, CHANTHAN. |
| 245 ## - TITLE STATEMENT | |
| Title | effect of inorganic fertilizer application on gelatinization temperature and grain elongation of rice at galsshouse ( ឥទ្ធិពលនៃការប្រើជីអសរីរាង្គទៅលើសីតុណ្ហភាពអន្ធិលកម្ម និងភាពរីកនៃសាច់គ្រាប់អង្ករនៅក្នងល័ក្ខខ័ណ្ឌផ្ទះកញ្ចក់) |
| 260 ## - PUBLICATION, DISTRIBUTION, ETC. (IMPRINT) | |
| Place of publication, distribution, etc. | Phnom Penh |
| Name of publisher, distributor, etc. | RUA |
| Date of publication, distribution, etc. | 2001 |
| 300 ## - PHYSICAL DESCRIPTION | |
| Extent | 60p. |
| Other physical details | ill. |
| Dimensions | 29cm. |
| 942 ## - ADDED ENTRY ELEMENTS (KOHA) | |
| Source of classification or shelving scheme | |
| Koha item type | AGR |
| Price effective from | Date last seen | Permanent Location | Not for loan | Date acquired | Source of classification or shelving scheme | Koha item type | Barcode | Lost status | Damaged status | Shelving location | Withdrawn status | Current Location | Full call number |
|---|---|---|---|---|---|---|---|---|---|---|---|---|---|
| 2015-09-15 | 2015-09-15 | Library Block B | 2015-09-15 | AGR | RUA002727 | B027 | Library Block B | AGR CHE 2001 B027 Or.1 | |||||
| 2015-09-15 | 2015-09-15 | Library Block B | 2015-09-15 | AGR | RUA002414 | B027 | Library Block B | AGR CHE 2001 B027 Or.2 | |||||
| 2015-09-15 | 2015-09-15 | Library Block B | 2015-09-15 | AGR | RUA002592 | B027 | Library Block B | AGR CHE 2001 B027 Or.3 | |||||
| 2015-09-15 | 2015-09-15 | Library Block B | 2015-09-15 | AGR | RUA002652 | B027 | Library Block B | AGR CHE 2001 B027 Or.4 | |||||
| 2015-09-15 | 2015-09-15 | Library Block B | 2015-09-15 | AGR | RUA002580 | B027 | Library Block B | AGR CHE 2001 B027 Or.5 | |||||
| 2015-09-15 | 2015-09-15 | Library Block B | 2015-09-15 | AGR | RUA002722 | B027 | Library Block B | AGR CHE 2001 B027 Or.6 | |||||
| 2015-09-15 | 2015-09-15 | Library Block B | 2015-09-15 | AGR | RUA002513 | B027 | Library Block B | AGR CHE 2001 B027 Or.7 | |||||
| 2015-11-05 | 2015-11-05 | Library Block B | 2015-11-05 | AGR | RUA036995 | Library Block B | AGR CHE 2001 B027 Or.8 |